00537nam a2200205 a 4500001001300000003000900013005001700022008004100039020000900080082002000089100002100109245003400130260003100164300000800195500003500203505002400238650003500262650001300297700002100310nice12345678IN_TiNIC20260116013338.0050524s1997 dela grp 000 0 eng  ac1000a324.245408bKUL aKulkarni, Dileep aSaffron Thinking Green Living aDelhi bRainbow Pub c1997 a28p aincludes index and biblioraphy2 aBibliography, Index aReligious Fundamentalism-Hindu aHindutva1 aKulkarni, Dileep